Normal view
MARC view
- Spiritual life
Entry Topical Term
001 - CONTROL NUMBER
- control field: 86976
003 - CONTROL NUMBER IDENTIFIER
- control field: OSt
005 - DATE AND TIME OF LATEST TRANSACTION
- control field: 20251203140052.0
008 - FIXED-LENGTH DATA ELEMENTS
- fixed length control field: 251203|| aca||aabn | a|a d
040 ## - CATALOGING SOURCE
- Original cataloging agency: OSt
- Transcribing agency: OSt
150 ## - HEADING--TOPICAL TERM
- Topical term or geographic name as entry element: Spiritual life
- General subdivision: Christianity
670 ## - SOURCE DATA FOUND
- Source citation: Work cat.: (OSt)49835: Thomas, Gary (Gary Lee), author. 86973, Sacred marriage :, 2015.